000 01406cam a22003617a 4500
003 CHAP
005 20220329142553.0
008 011130d2001 mx abd r 00110 spa d
010 _a85072
011 _a86044
035 _a96582
040 _cCHAP
090 _aTesis
100 0 0 _aGonzález Hernández, Alejandra.
_949028
245 1 0 _aAnálisis de la micro y pequeña empresa del sector servicios, en el municipio de Texcoco, Estado de México
_c/por Alejandra González Hernández y Abraham Frumencio Gil Moreno
260 _aChapingo, Méx. :
_bEl autor,
_c2001.
300 _a205 h. ;
_bilus. ; mapa ; cuadros
502 _aTesis (LIc. en Administración de Empresas Agropecuarias) -- UACH. División de Ciencias Económico Administrativas
590 _aALEPH
_b10
_c20130110
_lUCH01
_h1444
590 _aBATCH-UPD
_b10
_c20130110
_lUCH01
_h0622
590 _aBATCH-UPD
_b10
_c20130410
_lUCH01
_h0305
590 _aBATCH-UPD
_b10
_c20130914
_lUCH01
_h1300
590 _aCONVERSION
_b10
_c20130109
_lUCH01
_h1347
650 1 4 _aEmpleo
_xMéxico (Edo.)
_936568
650 1 4 _aEmpresas.
_936635
650 1 4 _aServicios
_9105327
700 0 _aGil Moreno, Abraham Frumencio.
_947940
901 _aBK
905 _aMarco A. Medoza T.
942 _cFOLL
949 _aTesis
_bBC
_cTES
_d33724000858007
_eTS2
_fc.2
_gDonaciØn
_h38730
_i96582
_sb
949 _aTesis
_bBC
_cTES
_d965821
_eTS1
_gDonaciØn
_h38729
_i96582
_sb
999 _c85072
_d85072